Las conjunciones concesivas en español medieval y clásico: contribución a la sintaxis histórica española

Kaydedildi:
Detaylı Bibliyografya
Yazar: Rivarola, Jose Luis
Materyal Türü: Kitap
Dil:Undetermined
Baskı/Yayın Bilgisi: Berlín Niemeyer 1976
Konular:
Etiketler: Etiketle
Etiket eklenmemiş, İlk siz ekleyin!

MARC

LEADER 00000nam a2200000Ia 4500
008 170316s9999 xx 000 0 und d
090 |a 415-E R-3c 
100 |a Rivarola, Jose Luis 
245 |a Las conjunciones concesivas en español medieval y clásico: contribución a la sintaxis histórica española 
260 |a Berlín 
260 |b Niemeyer 
260 |c 1976 
300 |a 171 páginas 
650 |a GRAMÁTICA ESPAÑOLA 
999 |c 19079  |d 19079 
040 |a cru BVZT 
942 |c 15 D  |h 415-E R-3c  |2 z